00993nam a2200265 a 4500003000900000005001700009008004100026020001800067040002800085100003500113245009200148250008400240260003800324300002500362490002800387500004000415546000900455650003300464650003400497650004900531650003900580650004600619700002900665700003300694CO-ViMGA20230915233134.0110719s2010 sp gr 00010 spa d a9789588699677 aCO-ViMGAbspacCO-ViMGA10aTanizaki, Junichirod1886-196513aLa llave cJunichiro Tanizaki ; traduccion del japones de Keiko Takahashi y Jordi Fibla aEdicion especial para El Ministerio de Cultura, Biblioteca Nacional de Colombia aMadrid bEdiciones siruela c2014 a115 pg̀inas c23 cm aLibros del tiempo ; 319 aIncluye datos biograficos del autor aKagi142LEMBaCelos en la literatura142LEMBaDrama en la literatura 142LEMBaLiteratura juvenil japonesaySiglo XX 142LEMBaSexualidad en la literatura 14aNovela juvenil japonesa 2LEMBySiglo XX 10aFibla, Jordietraductor 10aTakahashi, Keikoetraductor